| 000 | 00979nam a2200241Ia 4500 | ||
|---|---|---|---|
| 003 | IN-BaIIA | ||
| 008 | 211028s9999 xx 000 0 eng d | ||
| 020 | _a0-521-36125-7 | ||
| 040 | _cIIA Library | ||
| 080 |
_a524.834(082.2) _bHIG |
||
| 100 |
_aIyer, B. R. _916433 |
||
| 111 |
_aInternational Conference on Highlights in Gravitation and Cosmology _cGoa, India _d1987 Dec. 14 - 19 _916434 |
||
| 245 | 0 |
_aHighlights in gravitation and cosmology _bproceedings of the international conference on highlights in gravitation and cosmology, held in Goa, India, 14 - 19 December, 1987 _cIyer, B. R…[et al.] |
|
| 260 |
_aCambridge _bCambridge University Press _c1988 |
||
| 300 | _axviii, 441p. | ||
| 650 | _aAstronomy and astrophysics thesaurus | ||
| 650 | _aCosmology | ||
| 650 | _aGravitation | ||
| 700 |
_aKembhavi, Ajit _916435 |
||
| 700 |
_aNarlikar, Jayant V _912567 |
||
| 700 |
_aVishveshwara, C. V., _916436 |
||
| 942 | _cBK | ||
| 999 |
_c9718 _d9718 |
||